[Event "BI-2015-F-0000"]
[Site "LSS email"]
[Date "2015.02.12"]
[Round "?"]
[White "Kobryn, Krystian"]
[Black "Korchut, Adam"]
[Result "1-0"]
[WhiteElo "1834"]
[BlackElo "1829"]
[PlyCount "139"]
[EventDate "2015.02.11"]
[EventType "tourn (corr)"]
[EventRounds "10"]
[EventCountry "GER"]
[SourceTitle "Corr 2022"]
[Source "ChessBase"]
[SourceDate "2021.10.24"]
[SourceVersion "1"]
[SourceVersionDate "2021.10.24"]
[SourceQuality "1"]

1. e4 e5 2. Nf3 Nc6 3. Bb5 a6 4. Ba4 Nf6 5. 0-0 Be7 6. Bxc6 dxc6 7. Nc3 Bg4 8. h3 Bh5 9. d3 Qd6 10. Bg5 0-0 11. Re1 Rad8 12. g4 Bg6 13. Nh4 h6 14. Bd2 Qe6 15. Qe2 Bc5 16. a3 Bd4 17. Qf3 Qd6 18. Rab1 Bh7 19. Kh2 Rfe8 20. g5 hxg5 21. Bxg5 Re6 22. Rg1 Rd7 23. Ne2 Bb6 24. Rg2 Kf8 25. Qg3 g6 26. Nf3 Nh5 27. Qh4 f6 28. Bh6+ Kf7 29. Rbg1 Re8 30. Qg4 Qe7 31. Nh4 Rg8 32. Qf3 Qe8 33. Rxg6 Bxg6 34. Rxg6 Rxg6 35. Qxh5 Qg8 36. f4 Bf2 37. f5 Bxh4 38. fxg6+ Qxg6 39. Qxh4 Ke6 40. Be3 Rh7 41. Qg3 Qf7 42. Qg4+ f5 43. exf5+ Qxf5 44. Qg3 Rf7 45. h4 b6 46. Qg8 Qf3 47. Qg6+ Ke7 48. Qg5+ Qf6 49. Qh5 Kd7 50. Qg4+ Qe6 51. Kg3 Rf1 52. Nc3 a5 53. h5 Qxg4+ 54. Kxg4 Ke6 55. Ne4 Kf7 56. b3 Rh1 57. Bf2 Kg7 58. Bg3 Rg1 59. Kf5 Rf1+ 60. Ke6 Kh6 61. Bxe5 b5 62. Kd7 c5 63. Nxc5 Rf2 64. Kc6 Rxc2 65. Kxb5 Kxh5 66. Bxc7 Kg5 67. a4 Kf6 68. d4 Rg2 69. d5 Rg4 70. d6 1-0

[Event "BI-2015-F-0000"]
[Site "LSS email"]
[Date "2015.02.12"]
[Round "?"]
[White "Moreira, Carlos"]
[Black "Kobryn, Krystian"]
[Result "0-1"]
[WhiteElo "1723"]
[BlackElo "1834"]
[PlyCount "92"]
[EventDate "2015.02.11"]
[EventType "tourn (corr)"]
[EventRounds "10"]
[EventCountry "GER"]
[SourceTitle "Corr 2022"]
[Source "ChessBase"]
[SourceDate "2021.10.24"]
[SourceVersion "1"]
[SourceVersionDate "2021.10.24"]
[SourceQuality "1"]

1. e4 c5 2. Nf3 e6 3. d4 cxd4 4. Nxd4 Nf6 5. Nc3 Bb4 6. e5 Nd5 7. Bd2 Bxc3 8. bxc3 0-0 9. c4 Ne7 10. Nf3 Nbc6 11. Bd3 Ng6 12. 0-0 Ncxe5 13. Nxe5 Nxe5 14. Bxh7+ Kxh7 15. Qh5+ Kg8 16. Qxe5 d6 17. Qe4 e5 18. Rfd1 Qf6 19. Bc3 Re8 20. Rd2 Qf5 21. Qe2 Be6 22. Rxd6 Rac8 23. Qxe5 Qxe5 24. Bxe5 Bxc4 25. Bb2 Bxa2 26. h3 Rxc2 27. Rxa2 a6 28. Rb6 Ree2 29. Kh2 Rxf2 30. Kg3 Rxg2+ 31. Kf4 a5 32. Rxb7 a4 33. h4 a3 34. Rxa3 Rxb2 35. Rxb2 Rxb2 36. Ra5 Rb4+ 37. Kg5 Kh7 38. Kh5 Rb1 39. Ra7 Rf1 40. Kg5 Rg1+ 41. Kf5 f6 42. Ra8 Rb1 43. Kg4 g6 44. Kg3 Rb4 45. Kh3 Kh6 46. Rf8 f5 0-1

[Event "BI-2014-P-0024"]
[Site "LSS email"]
[Date "2014.04.19"]
[Round "?"]
[White "Kobryn, Krystian"]
[Black "Korinek, Jaroslav"]
[Result "1/2-1/2"]
[WhiteElo "1609"]
[BlackElo "1815"]
[PlyCount "64"]
[EventDate "2014.04.25"]
[EventType "tourn (corr)"]
[EventRounds "10"]
[EventCountry "GER"]
[SourceTitle "Corr 2015"]
[Source "ChessBase"]
[SourceDate "2015.07.17"]
[SourceVersion "1"]
[SourceVersionDate "2015.07.17"]
[SourceQuality "1"]

1. e4 d6 2. d4 Nf6 3. Nc3 e5 4. Nf3 exd4 5. Nxd4 Be7 6. Be2 0-0 7. 0-0 Re8 8. f4 c5 9. Nf3 Nc6 10. Re1 a6 11. h3 b5 12. Bf1 Bb7 13. a3 Bf8 14. f5 h6 15. Bf4 Qc8 16. a4 b4 17. Nd5 Nxd5 18. exd5 Ne7 19. Bxd6 Nxd5 20. Bxf8 Rxf8 21. Re5 Nf4 22. Nh4 Qc7 23. Qe1 Rad8 24. f6 g5 25. Nf5 Kh7 26. h4 Qc6 27. hxg5 hxg5 28. Qg3 Qxf6 29. Qh2+ Kg8 30. Nh6+ Kg7 31. Nf5+ Kg8 32. Nh6+ Kg7 1/2-1/2

[Event "BI-2013-F-0013"]
[Site "LSS email"]
[Date "2014.02.21"]
[Round "?"]
[White "Mueller, Bernd"]
[Black "Kobryn, Krystian"]
[Result "1-0"]
[WhiteElo "1535"]
[BlackElo "1614"]
[PlyCount "107"]
[EventDate "2014.02.27"]
[EventType "tourn (corr)"]
[EventRounds "10"]
[EventCountry "GER"]
[SourceTitle "Corr 2015"]
[Source "ChessBase"]
[SourceDate "2015.07.17"]
[SourceVersion "1"]
[SourceVersionDate "2015.07.17"]
[SourceQuality "1"]

1. d4 d5 2. c4 c6 3. Nf3 Nf6 4. e3 Bf5 5. Nc3 e6 6. Nh4 Bg6 7. Nxg6 hxg6 8. Bd2 Nbd7 9. Rc1 g5 10. g3 Bb4 11. cxd5 exd5 12. Bd3 Nf8 13. Qb3 Qb6 14. 0-0 Be7 15. Qd1 Qc7 16. f3 Ne6 17. a3 Qd7 18. Qa4 g4 19. f4 g6 20. b4 Kf8 21. Qb3 Kg7 22. Rf2 Rh5 23. Na4 Rah8 24. Nc5 Qc8 25. Qa4 a6 26. Qc2 Bd6 27. Rcf1 Nc7 28. Rg2 Be7 29. f5 g5 30. a4 Kg8 31. Re1 Nce8 32. e4 dxe4 33. Bxe4 Bf8 34. Bd3 Nd6 35. Rf2 Qd8 36. Re5 Nde8 37. Ne6 Qd6 38. Qb2 fxe6 39. fxe6 Bg7 40. Bg6 R8h6 41. Bf7+ Kh8 42. b5 axb5 43. axb5 Kh7 44. Bb4 Qc7 45. e7 Qd7 46. b6 c5 47. Qc2+ Kh8 48. Bxc5 Rh3 49. Be6 Qb5 50. Re1 Qa5 51. Ref1 Qb5 52. d5 Qa5 53. d6 Qb5 54. d7 1-0

[Event "BI-2013-F-0013"]
[Site "LSS email"]
[Date "2014.02.21"]
[Round "?"]
[White "Sikorski, Roman"]
[Black "Kobryn, Krystian"]
[Result "0-1"]
[WhiteElo "1776"]
[BlackElo "1614"]
[PlyCount "82"]
[EventDate "2014.02.27"]
[EventType "tourn (corr)"]
[EventRounds "10"]
[EventCountry "GER"]
[SourceTitle "Corr 2015"]
[Source "ChessBase"]
[SourceDate "2015.07.17"]
[SourceVersion "1"]
[SourceVersionDate "2015.07.17"]
[SourceQuality "1"]

1. e4 c5 2. Nf3 e6 3. d4 cxd4 4. Nxd4 Nc6 5. Nc3 Qc7 6. Ndb5 Qb8 7. Be3 a6 8. Bb6 axb5 9. Nxb5 Bb4+ 10. c3 Ba5 11. Nc7+ Qxc7 12. Bxc7 Bxc7 13. Qg4 g6 14. Bd3 Nf6 15. Qg5 Ne5 16. Bc2 Nh5 17. 0-0 b6 18. f4 h6 19. Qh4 Nc4 20. f5 Nf4 21. fxg6 Nxg6 22. Qf2 Nce5 23. h3 Bb7 24. a4 Rg8 25. b4 f5 26. Qe2 0-0-0 27. a5 Nh4 28. a6 Bc6 29. g4 fxg4 30. a7 Kb7 31. b5 Ka8 32. bxc6 dxc6 33. hxg4 Rxg4+ 34. Kh1 Rg3 35. Rf2 Nhf3 36. Qf1 Nd2 37. Rxd2 Rxd2 38. Qf8+ Rd8 39. Qe7 Rdg8 40. Qxe6 R3g4 41. Qxh6 Bd6 0-1

[Event "WC-2014-P-00010"]
[Site "LSS email"]
[Date "2014.02.03"]
[Round "?"]
[White "Kobryn, Krystian"]
[Black "Koehler, Josef"]
[Result "0-1"]
[WhiteElo "1863"]
[BlackElo "2168"]
[PlyCount "92"]
[EventDate "2014.02.10"]
[EventType "tourn (corr)"]
[EventRounds "12"]
[EventCountry "GER"]
[SourceTitle "Corr 2022"]
[Source "ChessBase"]
[SourceDate "2021.10.24"]
[SourceVersion "1"]
[SourceVersionDate "2021.10.24"]
[SourceQuality "1"]

1. e4 c6 2. d4 d5 3. Nc3 dxe4 4. Nxe4 Nf6 5. Nxf6+ gxf6 6. c3 Bf5 7. Nf3 Nd7 8. Bf4 Qb6 9. Bd3 Bxd3 10. Qxd3 Qxb2 11. 0-0 Qb5 12. Qxb5 cxb5 13. Rfb1 b4 14. Rxb4 e5 15. Rxb7 exf4 16. c4 Bd6 17. c5 0-0-0 18. Rxa7 Bc7 19. Rb1 Rhe8 20. Kf1 Nb8 21. Rb3 Nc6 22. Ra6 Re6 23. Ra8+ Kd7 24. Rba3 Rxa8 25. Rxa8 Re8 26. Rxe8 Kxe8 27. Ke2 Kd7 28. Kd3 Ke6 29. Kc4 Na5+ 30. Kb5 Kd5 31. Ng1 Nc6 32. Ne2 Nxd4+ 33. Nxd4 Kxd4 34. f3 Kd5 35. a3 Bd8 36. a4 h5 37. h3 h4 38. c6 Kd6 39. a5 Kc7 40. Kc5 Kb8 41. Kd6 Bxa5 42. Kd7 Bb6 43. Kd6 Kc8 44. Ke7 Bd4 45. Kd6 Bc3 46. Kd5 f5 0-1

[Event "WC-2014-P-00010"]
[Site "LSS email"]
[Date "2014.02.03"]
[Round "?"]
[White "Lipsits, Sasha"]
[Black "Kobryn, Krystian"]
[Result "1/2-1/2"]
[WhiteElo "1660"]
[BlackElo "1863"]
[PlyCount "113"]
[EventDate "2014.02.10"]
[EventType "tourn (corr)"]
[EventRounds "12"]
[EventCountry "GER"]
[SourceTitle "Corr 2022"]
[Source "ChessBase"]
[SourceDate "2021.10.24"]
[SourceVersion "1"]
[SourceVersionDate "2021.10.24"]
[SourceQuality "1"]

1. e4 c5 2. Nf3 e6 3. d4 cxd4 4. Nxd4 Nc6 5. Nc3 Qc7 6. Be2 a6 7. Be3 Nf6 8. 0-0 Bb4 9. Nxc6 bxc6 10. a3 Be7 11. f4 d5 12. Qd3 Bb7 13. e5 Nd7 14. b3 c5 15. Bf2 0-0 16. Rfe1 Rfb8 17. Rab1 Rd8 18. Bf3 Rab8 19. Ne2 a5 20. Nc3 Bc6 21. Kh1 a4 22. Nxa4 c4 23. Qd2 cxb3 24. cxb3 Bxa3 25. Qa2 Bb4 26. Rec1 Qb7 27. Qc2 Rdc8 28. Qd1 Bf8 29. Nc3 Qb4 30. Ne2 Bb5 31. Rxc8 Rxc8 32. Nd4 Bc5 33. Ra1 Nf8 34. Qe1 Qxe1+ 35. Rxe1 h6 36. Kg1 Bd7 37. g3 g5 38. fxg5 hxg5 39. Bh5 Rb8 40. Ra1 Bxd4 41. Bxd4 Rxb3 42. Ra7 Be8 43. Ra8 Rb1+ 44. Kf2 Bc6 45. Rc8 Bd7 46. Rd8 Rc1 47. Be3 Rc2+ 48. Ke1 Rxh2 49. Be2 Rh1+ 50. Kf2 Rh2+ 51. Ke1 Rh1+ 52. Kf2 d4 53. Bxg5 Rh2+ 54. Ke1 Rh1+ 55. Kf2 Rh2+ 56. Ke1 Rh1+ 57. Kf2 1/2-1/2

[Event "SC-2013-0-00203"]
[Site "LSS email"]
[Date "2013.11.21"]
[Round "?"]
[White "Correa de Almeida, Claudio"]
[Black "Kobryn, Krystian"]
[Result "0-1"]
[WhiteElo "1464"]
[BlackElo "1614"]
[PlyCount "122"]
[EventDate "2013.10.23"]
[EventType "tourn (corr)"]
[EventRounds "6"]
[EventCountry "GER"]
[SourceTitle "Corr 2015"]
[Source "ChessBase"]
[SourceDate "2015.07.17"]
[SourceVersion "1"]
[SourceVersionDate "2015.07.17"]
[SourceQuality "1"]

1. d4 d5 2. c4 c6 3. Nf3 Nf6 4. Nc3 dxc4 5. a4 Bf5 6. e3 e6 7. Bxc4 Nbd7 8. 0-0 Bb4 9. Qe2 Bg6 10. e4 0-0 11. Bd3 Bh5 12. Bf4 Qe7 13. e5 Nd5 14. Nxd5 cxd5 15. Qe3 Rfc8 16. a5 Bg6 17. a6 b6 18. Rfc1 Bxd3 19. Qxd3 Qe8 20. h3 Rxc1+ 21. Rxc1 Rc8 22. Qb3 Bf8 23. Ra1 Rc6 24. Bd2 Nb8 25. Qd3 h6 26. b3 b5 27. Ra5 Rb6 28. Ra1 Rxa6 29. Re1 Ra3 30. Rc1 a5 31. Qc2 a4 32. bxa4 bxa4 33. Bc3 Rb3 34. Nd2 Rb7 35. Ra1 Ra7 36. Rb1 Rc7 37. Qd3 a3 38. Nb3 a2 39. Ra1 Qc6 40. Bb2 Na6 41. Nc5 Nxc5 42. dxc5 Qxc5 43. Rxa2 Qc2 44. Qxc2 Rxc2 45. Kh2 d4 46. Kg3 d3 47. Kf3 Bc5 48. Ba3 Rxa2 49. Bxc5 Ra5 50. Bd4 d2 51. Ke2 Rd5 52. Kxd2 Rxd4+ 53. Ke3 Rc4 54. g3 Kh7 55. Kd3 Ra4 56. f3 Kg6 57. Ke3 Kf5 58. Kf2 Kxe5 59. Ke3 g5 60. Kf2 Ra2+ 61. Ke3 Rh2 0-1

[Event "RD-2013-0-00086"]
[Site "LSS email"]
[Date "2013.08.18"]
[Round "?"]
[White "Kobryn, Krystian"]
[Black "Le Duigou, Jean Guy"]
[Result "1-0"]
[WhiteElo "1493"]
[BlackElo "1577"]
[PlyCount "37"]
[EventDate "2013.04.14"]
[EventType "tourn (corr)"]
[EventRounds "6"]
[EventCountry "GER"]
[SourceTitle "Corr 2015"]
[Source "ChessBase"]
[SourceDate "2015.07.17"]
[SourceVersion "1"]
[SourceVersionDate "2015.07.17"]
[SourceQuality "1"]

1. e4 e6 2. d4 d5 3. Nc3 Nf6 4. Bg5 dxe4 5. Nxe4 Be7 6. Bxf6 Bxf6 7. Nf3 0-0 8. Qd2 Nd7 9. 0-0-0 b6 10. Bc4 c6 11. Qf4 Be7 12. h4 Bb7 13. Neg5 Nf6 14. Ne5 Qd6 15. Qf3 h6 16. Rde1 Bc8 17. Kb1 b5 18. Bb3 Rb8 19. Qd3 1-0

[Event "RD-2013-0-00086"]
[Site "LSS email"]
[Date "2013.08.18"]
[Round "?"]
[White "Schoppe, Gottfried"]
[Black "Kobryn, Krystian"]
[Result "0-1"]
[WhiteElo "1429"]
[BlackElo "1493"]
[PlyCount "32"]
[EventDate "2013.04.14"]
[EventType "tourn (corr)"]
[EventRounds "6"]
[EventCountry "GER"]
[SourceTitle "Corr 2015"]
[Source "ChessBase"]
[SourceDate "2015.07.17"]
[SourceVersion "1"]
[SourceVersionDate "2015.07.17"]
[SourceQuality "1"]

1. d4 d5 2. Nf3 Nf6 3. Nc3 g6 4. Bg5 Ne4 5. Nxe4 dxe4 6. Ng1 Bg7 7. c3 0-0 8. Qb3 c5 9. dxc5 Qc7 10. Qb4 Bf5 11. e3 Nc6 12. Qb5 Rfd8 13. Bc4 Bd7 14. Qb3 Na5 15. Bxf7+ Kf8 16. Qd5 Bf5 0-1

[Event "SE-2013-0-00141"]
[Site "LSS email"]
[Date "2013.05.12"]
[Round "?"]
[White "Kobryn, Krystian"]
[Black "Pech, Jaroslav Sr"]
[Result "1/2-1/2"]
[WhiteElo "1614"]
[BlackElo "1484"]
[PlyCount "114"]
[EventDate "2013.03.30"]
[EventType "tourn (corr)"]
[EventRounds "6"]
[EventCountry "GER"]
[SourceTitle "Corr 2015"]
[Source "ChessBase"]
[SourceDate "2015.07.17"]
[SourceVersion "1"]
[SourceVersionDate "2015.07.17"]
[SourceQuality "1"]

1. e4 e6 2. d4 d5 3. Nc3 Bb4 4. e5 c5 5. a3 Bxc3+ 6. bxc3 Ne7 7. Qg4 0-0 8. Bd3 Nbc6 9. Nf3 f5 10. Qg5 Qa5 11. Bd2 c4 12. Be2 Qa4 13. Ra2 h6 14. Qg3 Kh8 15. 0-0 Bd7 16. Rfa1 b6 17. Qh3 Kh7 18. Kh1 Nd8 19. Rg1 Nf7 20. Qh4 Ng6 21. Qg3 Be8 22. Rb1 Nd8 23. h4 Rb8 24. Ng1 b5 25. h5 Ne7 26. Nh3 Bf7 27. Kg1 Ndc6 28. Bc1 b4 29. cxb4 Rxb4 30. Rxb4 Nxb4 31. Rb2 Nxc2 32. Bd1 Qa5 33. Bxh6 gxh6 34. Bxc2 Rg8 35. Qe3 Qc7 36. Nf4 Rb8 37. Rxb8 Qxb8 38. Qd2 Kg7 39. Qc3 Nc6 40. Qg3+ Kf8 41. Qe3 Kg7 42. Ba4 Qc8 43. Kh2 Kh7 44. Qc3 Qa6 45. Bxc6 Qxc6 46. Qb4 Qd7 47. Qd6 Qxd6 48. exd6 Be8 49. Kg3 c3 50. Kf3 c2 51. Nd3 Bb5 52. Nc1 Kg7 53. Ke3 Kf7 54. f3 Kf6 55. Kd2 e5 56. Nb3 e4 57. fxe4 fxe4 1/2-1/2

[Event "BI-2013-P-00027"]
[Site "LSS email"]
[Date "2013.04.23"]
[Round "?"]
[White "Kobryn, Krystian"]
[Black "Evans, Stanley W"]
[Result "1-0"]
[WhiteElo "1497"]
[BlackElo "1058"]
[PlyCount "43"]
[EventDate "2013.04.25"]
[EventType "tourn (corr)"]
[EventRounds "10"]
[EventCountry "GER"]
[SourceTitle "Telechess CBM 167"]
[Source "ChessBase"]
[SourceDate "2015.07.13"]
[SourceVersion "1"]
[SourceVersionDate "2015.07.13"]
[SourceQuality "1"]

1. e4 e5 2. Nf3 Nc6 3. d4 exd4 4. Nxd4 Qf6 5. Nb5 Bc5 6. Qe2 Bb6 7. N1c3 Nge7 8. Be3 Ne5 9. f4 N5g6 10. Qf2 Ba5 11. e5 Nxe5 12. fxe5 Qxe5 13. Bd3 0-0 14. 0-0 c6 15. Bd4 Qg5 16. Nd6 Bb6 17. Rae1 Bxd4 18. Qxd4 Nd5 19. Re5 Qh6 20. Nxd5 cxd5 21. Nxf7 Rxf7 22. Re8+ 1-0

[Event "BI-2013-P-00027"]
[Site "LSS email"]
[Date "2013.04.23"]
[Round "?"]
[White "Kobryn, Krystian"]
[Black "Ustimenko, Aleksandr"]
[Result "1/2-1/2"]
[WhiteElo "1497"]
[BlackElo "2065"]
[PlyCount "100"]
[EventDate "2013.04.25"]
[EventType "tourn (corr)"]
[EventRounds "10"]
[EventCountry "GER"]
[SourceTitle "Telechess CBM 167"]
[Source "ChessBase"]
[SourceDate "2015.07.13"]
[SourceVersion "1"]
[SourceVersionDate "2015.07.13"]
[SourceQuality "1"]

1. e4 c5 2. Nf3 d6 3. d4 cxd4 4. Nxd4 Nf6 5. Nc3 a6 6. Be3 e5 7. Nb3 Be6 8. Be2 Be7 9. Nd5 Nxd5 10. exd5 Bf5 11. Qd2 Nd7 12. 0-0 0-0 13. Na5 Qc7 14. c4 Nf6 15. b4 Qd7 16. f3 Bd8 17. Nb3 b6 18. Bd3 a5 19. a3 Bg6 20. Bxg6 hxg6 21. Qd3 Qf5 22. Qe2 b5 23. c5 Nxd5 24. cxd6 Nxe3 25. Qxe3 Bg5 26. Qe2 axb4 27. axb4 Qe6 28. Qd3 Qc4 29. Qxc4 bxc4 30. Na5 Rac8 31. b5 Be3+ 32. Kh1 Rc5 33. Rfe1 Bg5 34. Nc6 c3 35. Rxe5 Rxe5 36. Nxe5 Rb8 37. d7 c2 38. h4 Bxh4 39. Rc1 Rxb5 40. Rxc2 Rxe5 41. Rc8+ Kh7 42. d8Q Bxd8 43. Rxd8 g5 44. Kh2 Re3 45. Kg3 Rb3 46. Kg4 Kg6 47. Rd6+ f6 48. Rc6 Rb4+ 49. Kh3 Rb3 50. Kg3 Ra3 1/2-1/2

[Event "RE-2013-0-00110"]
[Site "LSS email"]
[Date "2013.04.18"]
[Round "?"]
[White "Lenz, Juergen"]
[Black "Kobryn, Krystian"]
[Result "0-1"]
[WhiteElo "1083"]
[BlackElo "1444"]
[PlyCount "72"]
[EventDate "2013.01.19"]
[EventType "tourn (corr)"]
[EventRounds "6"]
[EventCountry "GER"]
[SourceTitle "Telechess CBM 161"]
[Source "ChessBase"]
[SourceDate "2014.07.16"]
[SourceVersion "1"]
[SourceVersionDate "2014.07.16"]
[SourceQuality "1"]

1. d4 d5 2. Nf3 Nf6 3. Bf4 Bf5 4. e3 e6 5. c4 Bxb1 6. Rxb1 Bb4+ 7. Ke2 Bd6 8. Bxd6 Qxd6 9. Qb3 Nbd7 10. c5 Qc6 11. Ke1 a6 12. Be2 0-0 13. Rc1 b6 14. Qc2 bxc5 15. dxc5 e5 16. b4 Rab8 17. a3 Ne4 18. Nd2 Nxd2 19. Qxd2 Qa4 20. Qxd5 Qxa3 21. Rd1 Qxb4+ 22. Kf1 Nxc5 23. g3 Ne4 24. Kg2 Nc3 25. Qf3 e4 26. Qg4 f5 27. Qh5 Nxd1 28. Rxd1 a5 29. Rd4 Qb2 30. Rd7 a4 31. Bc4+ Kh8 32. Bf7 a3 33. Bg6 h6 34. Bxf5 a2 35. Rxc7 a1Q 36. Rc6 Qxf2+ 0-1